Személynévvizsgálat Dunaegyháza község területén

Elmentve itt :
Bibliográfiai részletek
Szerző: Kovács Józsefné
További közreműködők: Végh József (Témavezető)
Dokumentumtípus: Szakdolgozat
Megjelent: 1979
Tárgyszavak:
Online Access:http://diploma.bibl.u-szeged.hu/96232
LEADER 00627nta a2200181 i 4500
001 dipl96232
005 20201218142818.0
008 201216s1979 hu om 0|| hun d
040 |a SZTE Diploma Repozitórium  |b hun 
041 |a hun 
100 1 |a Kovács Józsefné 
245 1 0 |a Személynévvizsgálat Dunaegyháza község területén  |h [elektronikus dokumentum] /  |c Józsefné Kovács 
260 |c 1979 
650 4 |a Pedagógusképzés 
650 4 |a Humanities 
650 4 |a Languages and Literature 
700 1 |a Végh József  |e ths 
856 4 0 |u http://diploma.bibl.u-szeged.hu/id/eprint/96232/1/1979_kovacs_jozsefne.pdf  |z Dokumentum-elérés